000 00280nam a2200133Ia 4500
100 _aBanerjee/B
942 _cBK
654 _aCost accounting
245 _aCost Accounting
260 _bWorld Press Pvt.Ltd
_aCalcutta
_c1992
300 _a930
546 _aENGLISH
999 _c27217
_d27217